000 00535nmm a2200169Ia 4500
008 251105s9999||||xx |||||||||||||||||und||
020 _a9788437066264
041 _acat
100 _aCohen, Arón
245 0 _aPierre Vilar :
_b Història total, història en construcció
264 _a[Madrid, España] :
_bPublicaciones de la Universidad de Valencia (PUV),
_c2006
300 _a364 páginas
490 _aHistoria
650 _aHistory of Europe: Spain
856 _uhttps://public.digitaliapublishing.com/a/34834
942 _cCF
999 _c82371
_d82371